|
|
|
|
| LEADER |
00000nab a2200000 a 4500 |
| 001 |
vtls000550290 |
| 003 |
SK-MaSNL |
| 005 |
20260426072623.0 |
| 008 |
150430c1995 xo 0 slo |
| 015 |
|
|
|a SNBRB19rr/mm-uuuuu
|
| 035 |
|
|
|a CL0550428
|
| 040 |
|
|
|a SNKBUCL
|b slo
|c SNKBUCL
|e AACR2
|
| 041 |
0 |
|
|a slo
|
| 044 |
|
|
|a xo
|c SK
|
| 080 |
|
|
|a 352/354.071.5(437.6):342.26(437.6)
|2 1981
|
| 080 |
|
|
|a 342.26(437.6)
|2 1981
|
| 100 |
1 |
|
|a Hutta, Vladimír
|4 aut
|9 270590
|
| 245 |
1 |
0 |
|a Územné a správne členenie
|c Vladimír Hutta
|
| 500 |
|
|
|a Začiatok
|
| 650 |
0 |
7 |
|a členenie územnosprávne
|2 snkbucl
|9 892054
|
| 651 |
|
7 |
|a Slovensko
|2 snkbucl
|9 14231
|
| 655 |
|
7 |
|a články z novín a časopisov
|2 snkbucl
|9 267496
|
| 773 |
0 |
|
|t Verejná správa
|g Č. 8 (1995), s. 3
|
| 850 |
|
|
|a Slovenská národná knižnica v Martine
|a MTA001
|
| 852 |
|
|
|a SNK
|b KIS3GCP
|
| 958 |
|
|
|a RK
|
| 958 |
|
|
|a SK
|
| 992 |
|
|
|a RBX
|
| 999 |
|
|
|c 2690513
|d 2692443
|